[Event "Ch Pan-American (juniors) (under 20)"]
[Site "masterchessopen.com Cali (Colombia)"]
[Date "2010.05.20"]
[Round "1"]
[White "Ceron Edgar Ivan (COL)"]
[Black "Arenas David (COL)"]
[Result "0-1"]
[WhiteElo "2038"]
[BlackElo "2457"]

1.d4 Nf6 2.c4 g6 3.g3 Bg7 4.Bg2 O-O 5.Nf3 d6 6.O-O Nc6 7.Nc3 a6 8.h3 Rb8 9.e4
b5 10.Qe2 e5 11.dxe5 dxe5 12.Rd1 Nd4 13.Qd3 b4 14.Na4 Nd7 15.c5 Bb7 16.Nxd4
exd4 17.f4 Bc6 18.Qxa6 Bb5 19.Qa5 Be2 20.Re1 Rb5 21.Qa6 Nb8 22.Qa8 d3 23.Bd2
c6 {#R} 0-1

[Event "It (open)"]
[Site "masterchessopen.com Bhubaneswar (India)"]
[Date "2010.05.22"]
[Round "2"]
[White "Lafuente Pablo (ARG)"]
[Black "Rajesh V A V (IND)"]
[Result "1-0"]
[WhiteElo "2565"]
[BlackElo "2309"]

1.d4 Nf6 2.c4 g6 3.Nf3 Bg7 4.g3 O-O 5.Bg2 d6 6.O-O Nc6 7.Nc3 a6 8.b3 Rb8 9.Nd5
Bg4 10.Bb2 Na7 11.Ne3 Bd7 12.Rc1 c6 13.Qc2 b5 14.h3 Bh6 15.g4 Bf4 16.Rcd1 h5
17.d5 Bxe3 18.fxe3 hxg4 19.hxg4 bxc4 20.Qxc4 cxd5 21.Qf4 Nc6 22.Qh6 d4 23.Ng5
Rb5 24.exd4 Rxg5 25.Qxg5 Nh7 26.Qh6 Qb6 27.Rd3 Bxg4 28.Bxc6 {#r} 1-0

[Event "Ch Germany (juniors) (under 18)"]
[Site "masterchessopen.com Oberhof (Germany)"]
[Date "2010.05.29"]
[Round "9"]
[White "Kyas Marcel (GER)"]
[Black "Mueller Denis (GER)"]
[Result "1-0"]
[WhiteElo "2129"]
[BlackElo "1959"]

1.d4 Nf6 2.c4 g6 3.g3 Bg7 4.Bg2 O-O 5.Nc3 d6 6.Nf3 Nc6 7.O-O a6 8.Qd3 e5 9.d5
Ne7 10.e4 Nd7 11.Be3 f5 12.Ng5 Nf6 13.Rad1 Ne8 14.f4 h6 15.Ne6 Bxe6 16.dxe6
exf4 17.Bxf4 Qc8 18.exf5 Nxf5 19.Rfe1 {#r} 1-0

[Event "Ch Germany (juniors) (Internet) (under 25) (qual2)"]
[Site "masterchessopen.com Internet"]
[Date "2010.06.06"]
[Round "7"]
[White "Hirneise Jens (GER)"]
[Black "Zwahr Paul (GER)"]
[Result "1-0"]
[WhiteElo "2298"]
[BlackElo "2348"]

1.d4 Nf6 2.Nf3 g6 3.g3 Bg7 4.Bg2 O-O 5.O-O d6 6.c4 Nc6 7.Nc3 a6 8.Qd3 e6 9.e4
Nd7 10.Bg5 f6 11.Be3 e5 12.d5 Ne7 13.b4 f5 14.Ng5 Nf6 15.Ne6 Bxe6 16.dxe6 f4
17.gxf4 Nh5 18.f5 gxf5 19.exf5 Nxf5 20.Bxb7 Nh4 21.Bxa8 Qxa8 22.Qe4 Qd8 23.Nd5
Nf3+ 24.Kh1 Qe8 25.Nxc7 Qe7 26.Nxa6 Kh8 27.Rg1 Qxe6 28.Qg4 Qxc4 29.Qxc4 {#r}
1-0

[Event "It (open)"]
[Site "masterchessopen.com Oslo (Norway)"]
[Date "2010.06.18"]
[Round "1"]
[White "Arnold Marc T (USA)"]
[Black "Rundgren Anders (NOR)"]
[Result "1-0"]
[WhiteElo "2425"]
[BlackElo "1944"]

1.d4 Nf6 2.c4 g6 3.Nf3 Bg7 4.g3 O-O 5.Bg2 d6 6.O-O Nc6 7.Nc3 a6 8.b3 Rb8 9.Nd5
Nh5 10.Bb2 e6 11.Nc3 b5 12.cxb5 axb5 13.Rc1 Bd7 14.e3 b4 15.Na4 Na5 16.Qc2
Bxa4 17.bxa4 Qd7 18.a3 Rfc8 19.axb4 Rxb4 20.Nd2 Qxa4 21.Qxa4 Rxa4 22.Ra1 Rb8
23.Rxa4 Rxb2 24.Ne4 {#r} 1-0

[Event "Cup Dvorkovich (juniors) (team)"]
[Site "masterchessopen.com Moscow (Russia)"]
[Date "2010.07.01"]
[Round "1"]
[White "Kashlinskaya Alina (RUS)"]
[Black "Wang Jue (CHN)"]
[Result "0-1"]
[WhiteElo "2358"]
[BlackElo "2227"]

1.d4 Nf6 2.Nf3 g6 3.g3 Bg7 4.Bg2 O-O 5.c4 d6 6.Nc3 Nc6 7.O-O a6 8.h3 Bd7 9.e4
e5 10.dxe5 dxe5 11.Be3 Qc8 12.Kh2 b5 13.cxb5 axb5 14.Nxb5 Nxe4 15.Ne1 Nf6
16.Nd3 Rd8 17.Qc1 Nd4 18.Nxd4 exd4 19.Bf4 Bb5 20.Rd1 Nd5 21.Bg5 Rd6 22.Qc5 Bc6
23.Bxd5 Bxd5 24.Bf4 Qf5 25.Bxd6 cxd6 26.Qc2 Be4 {#R} 0-1

[Event "It (open)"]
[Site "masterchessopen.com Nettetal (Germany)"]
[Date "2010.07.04"]
[Round "2"]
[White "Romanishin Oleg M (UKR)"]
[Black "Montolio Benedicto Cesar (ESP)"]
[Result "1-0"]
[WhiteElo "2534"]
[BlackElo "1987"]

1.d4 Nf6 2.Nf3 g6 3.g3 Bg7 4.c4 d6 5.Bg2 O-O 6.O-O Nc6 7.Nc3 a6 8.b3 Rb8 9.Bb2
Bd7 10.Rc1 Na5 11.e4 c5 12.dxc5 dxc5 13.e5 Ne8 14.Qe2 Nc7 15.Rfe1 Qe8 16.Ne4
b6 17.Qd2 Bc6 18.Nxc5 Rd8 19.Nd3 Nb7 20.Qe3 b5 21.Qb6 Rc8 22.cxb5 Bd5 23.a4
{#r} 1-0

[Event "It (open)"]
[Site "masterchessopen.com Dresden (Germany)"]
[Date "2010.07.11"]
[Round "2"]
[White "Viereck Marten (GER)"]
[Black "Jojua Davit (GEO)"]
[Result "0-1"]
[WhiteElo "1915"]
[BlackElo "2533"]

1.Nf3 Nf6 2.g3 g6 3.Bg2 Bg7 4.O-O O-O 5.d4 d6 6.c4 Nc6 7.Nc3 a6 8.e4 Bg4 9.h3
Bxf3 10.Bxf3 Nd7 11.Be3 e5 12.d5 Nd4 13.Bg2 c5 14.f4 exf4 15.Bxf4 Ne5 16.b3 b5
17.Ne2 bxc4 18.Nxd4 cxd4 19.Bxe5 Bxe5 20.bxc4 Bxg3 21.Qb3 Be5 22.Rab1 Qc7
23.a3 Rac8 24.Rfc1 Bf4 25.Rc2 Rb8 26.Qa2 d3 27.Rc3 Qc5+ 28.Kh1 Qd4 29.Rcb3 d2
30.Bf3 Qf2 {#R} 0-1

[Event "It \"]
[Site "masterchessopen.com Berlin (Germany)"]
[Date "2010.07.15"]
[Round "5"]
[White "Burger Heinrich (GER)"]
[Black "Koenig Frank (GER)"]
[Result "1-0"]
[WhiteElo "2179"]
[BlackElo "1972"]

1.d4 Nf6 2.c4 g6 3.Nf3 Bg7 4.g3 d6 5.Bg2 O-O 6.O-O Nc6 7.Nc3 a6 8.h3 Rb8 9.Be3
b5 10.Nd2 Na5 11.cxb5 axb5 12.b4 Nc4 13.Nxc4 bxc4 14.b5 d5 15.a4 c6 16.Bf4 Ra8
17.bxc6 e6 18.Nb5 Ne8 19.e4 Ba6 20.exd5 exd5 21.Qf3 Bxb5 22.axb5 Rxa1 23.Rxa1
Bxd4 24.Rd1 Qb6 25.Qxd5 Bxf2+ 26.Kh2 Nf6 27.Qxc4 Rd8 28.Rxd8+ Qxd8 29.c7 {#r}
1-0

[Event "It (open)"]
[Site "masterchessopen.com Rethymno (Greece)"]
[Date "2010.07.18"]
[Round "7"]
[White "Poobalasingam Peter (ENG)"]
[Black "Tzouganakis Panteleimon (GRE)"]
[Result "0-1"]
[WhiteElo "2332"]
[BlackElo "2091"]

1.d4 Nf6 2.c4 g6 3.g3 Bg7 4.Bg2 O-O 5.Nc3 d6 6.Nf3 Nc6 7.O-O a6 8.Qd3 Bf5 9.e4
Bg4 10.Be3 Bxf3 11.Bxf3 Nd7 12.Ne2 Nde5 13.dxe5 Nxe5 14.Qb3 Nxf3+ 15.Kg2 Ne5
16.f4 Nc6 17.Rad1 Qd7 18.Nc3 Qe6 19.Qxb7 Na5 20.Qxc7 Nxc4 21.Bc1 Bxc3 22.bxc3
Qxe4+ 23.Kh3 Rac8 24.Qa7 Rc5 25.f5 Rxf5 26.Rxf5 Qxf5+ {#R} 0-1

[Event "Ch Austria"]
[Site "masterchessopen.com Vienna (Austria)"]
[Date "2010.07.28"]
[Round "5"]
[White "Kirschner Alexander (AUT)"]
[Black "Schnegg Daniel (AUT)"]
[Result "0-1"]
[WhiteElo "2260"]
[BlackElo "2212"]

1.c4 Nf6 2.Nc3 g6 3.g3 Bg7 4.Bg2 O-O 5.d4 d6 6.Nf3 Nc6 7.O-O a6 8.b3 e5 9.dxe5
Nxe5 10.Nxe5 dxe5 11.Ba3 Re8 12.Qc1 c6 13.Rd1 Qa5 14.e4 Bg4 15.f3 Be6 16.Bd6
Rad8 17.b4 Qb6+ 18.c5 Qxb4 19.Rb1 Qa5 20.Rxb7 Rd7 21.Rb6 Rxd6 {#R} 0-1

[Event "It (open)"]
[Site "masterchessopen.com Kavala (Greece)"]
[Date "2010.08.07"]
[Round "9"]
[White "Borovikov Vladislav (UKR)"]
[Black "Shyam Sundar M (IND)"]
[Result "1-0"]
[WhiteElo "2589"]
[BlackElo "2417"]

1.d4 Nf6 2.Nf3 g6 3.c4 Bg7 4.g3 O-O 5.Bg2 d6 6.O-O Nc6 7.Nc3 a6 8.Qd3 Nd7
9.Be3 e5 10.Qd2 Re8 11.b3 Rb8 12.Rac1 exd4 13.Nxd4 Nxd4 14.Bxd4 Ne5 15.Rfd1
Be6 16.Qb2 Qc8 17.Nd5 c5 18.Bc3 b5 19.Qa1 Bh3 20.Bh1 Qg4 21.f4 b4 22.Bb2 Qxe2
23.fxe5 Rxe5 24.Bxe5 Bxe5 25.Re1 Qd2 26.Rcd1 Qc2 27.Be4 {#r} 1-0

[Event "Ch Paulista"]
[Site "masterchessopen.com Santos (Brazil)"]
[Date "2010.08.20"]
[Round "2"]
[White "Leitao Rafael (BRA)"]
[Black "Ueti Silvio (BRA)"]
[Result "1-0"]
[WhiteElo "2624"]
[BlackElo "2188"]

1.d4 Nf6 2.Nf3 g6 3.c4 Bg7 4.g3 O-O 5.Bg2 d6 6.O-O Nc6 7.Nc3 a6 8.h3 Rb8 9.e4
b5 10.cxb5 axb5 11.e5 dxe5 12.dxe5 Qxd1 13.Rxd1 Nd7 14.Be3 Ndxe5 15.Nxe5 Nxe5
16.Ba7 Be6 17.Bxb8 Rxb8 18.Nd5 Bxd5 19.Rxd5 Nc4 20.Re1 e6 21.Rc5 Nxb2 22.Rxc7
b4 23.Re3 Bc3 24.Rf3 Rf8 25.Bf1 Ra8 26.Rfxf7 Rxa2 {#r} 1-0

[Event "It (cat.5)"]
[Site "masterchessopen.com Eupen (Belgium)"]
[Date "2010.08.23"]
[Round "3"]
[White "Horvath Csaba (HUN)"]
[Black "Soors Stef (BEL)"]
[Result "1-0"]
[WhiteElo "2529"]
[BlackElo "2305"]

1.Nf3 Nf6 2.c4 g6 3.d4 Bg7 4.g3 O-O 5.Bg2 d6 6.O-O Nc6 7.Nc3 a6 8.b3 Rb8 9.e3
b5 10.Qe2 Na5 11.e4 bxc4 12.bxc4 c5 13.e5 Nd7 14.Nd5 cxd4 15.Bg5 f6 16.exf6
exf6 17.Bd2 Ne5 18.Nxd4 Naxc4 19.Bc3 Nb6 20.Ba5 Re8 21.Nxb6 Rxb6 22.Qe4 Kh8
23.Nc6 Qc7 24.Qe3 {#r} 1-0

[Event "It (cat.5)"]
[Site "masterchessopen.com Donskoj (Russia)"]
[Date "2010.09.04"]
[Round "1"]
[White "Brikov Illarion (RUS)"]
[Black "Pogosian Manvel (BLR)"]
[Result "0-1"]
[WhiteElo "2395"]
[BlackElo "2365"]

1.c4 g6 2.Nc3 Bg7 3.Nf3 Nf6 4.g3 O-O 5.Bg2 d6 6.d4 Nc6 7.O-O a6 8.d5 Na5 9.Qd3
c5 10.e4 Rb8 11.Bd2 b5 12.cxb5 axb5 13.Nd1 e6 14.Ne3 exd5 15.exd5 Re8 16.b4
cxb4 17.Bxb4 Nc4 18.Nd4 Nxe3 19.fxe3 Qb6 20.Rae1 Ng4 21.Kh1 Ra8 22.Qxb5 Qd8
23.Rf3 Ba6 24.Qa5 Qxa5 25.Bxa5 Bc4 26.Bd2 Rxa2 27.Rf4 Rxd2 28.Rxg4 Rxd4 {#R}
0-1

[Event "It (open)"]
[Site "masterchessopen.com Apeldorn (Netherlands)"]
[Date "2010.09.11"]
[Round "2"]
[White "Kabatianski Alexandr (GER)"]
[Black "Hachijan Armen (NED)"]
[Result "1-0"]
[WhiteElo "2439"]
[BlackElo "2159"]

1.d4 Nf6 2.Nf3 g6 3.g3 Bg7 4.Bg2 O-O 5.O-O d6 6.c4 Nc6 7.Nc3 a6 8.Bf4 Ng4 9.d5
Nce5 10.Qb3 Nxf3+ 11.exf3 Ne5 12.Be3 Bf5 13.Rfd1 c5 14.f4 Ng4 15.Bd2 Rb8 16.a4
Nh6 17.h3 Bd7 18.g4 Re8 19.Re1 f6 20.Re2 Nf7 21.Rae1 b6 22.Kh1 h6 23.Qc2 f5
24.Re6 Bxe6 25.dxe6 Nh8 26.gxf5 gxf5 27.Qxf5 Rf8 28.Qg4 Qe8 29.Be4 {#r} 1-0

[Event "Czech League 2010/11 (1st) East"]
[Site "masterchessopen.com Czech Republic"]
[Date "2010.10.24"]
[Round "2"]
[White "Beil Zdenek (CZE)"]
[Black "Rubal Adam (CZE)"]
[Result "0-1"]
[WhiteElo "2266"]
[BlackElo "2238"]

1.d4 Nf6 2.c4 g6 3.Nf3 Bg7 4.g3 O-O 5.Bg2 d6 6.O-O Nc6 7.Nc3 a6 8.h3 Rb8 9.Be3
Bd7 10.Rc1 b5 11.Nd2 e5 12.dxe5 Nxe5 13.cxb5 axb5 14.f4 Nc4 15.Nxc4 bxc4
16.Qd2 Re8 17.Bf2 Bf5 18.Rfe1 Be4 19.Ba7 Ra8 20.Bd4 Bxg2 21.Kxg2 Ne4 22.Nxe4
Rxe4 23.Rxc4 d5 24.Rb4 Qe7 25.Bc3 d4 26.Bxd4 Rd8 {#R} 0-1

[Event "Memorial M.Chigorin (open)"]
[Site "masterchessopen.com St. Petersburg (Russia)"]
[Date "2010.11.02"]
[Round "6"]
[White "Menkov Aleksandr (RUS)"]
[Black "Glidzhain Gor (RUS)"]
[Result "1-0"]
[WhiteElo "2149"]
[BlackElo "2376"]

1.Nf3 Nf6 2.g3 d6 3.d4 g6 4.Bg2 Bg7 5.O-O O-O 6.c4 Nc6 7.Nc3 a6 8.h3 Rb8 9.e4
e5 10.Be3 exd4 11.Nxd4 Nxd4 12.Bxd4 c5 13.Be3 Be6 14.e5 dxe5 15.Bxc5 Bxc4
16.Bxf8 Qxf8 17.Re1 Nh5 18.Bd5 Rd8 19.Qf3 e4 20.Bxe4 Rd2 21.Rad1 Rxb2 22.Bd5
b5 23.Bxc4 bxc4 24.Qc6 Nf6 25.Nd5 Nxd5 26.Re8 Ne7 27.Rxf8+ Bxf8 28.Qxc4 {#r}
1-0

[Event "Extraliga 2010/11"]
[Site "masterchessopen.com Slovakia"]
[Date "2010.11.28"]
[Round "2"]
[White "Michalik Peter (SVK)"]
[Black "Mazur Stefan (SVK)"]
[Result "1-0"]
[WhiteElo "2455"]
[BlackElo "2402"]

1.d4 Nf6 2.c4 g6 3.g3 Bg7 4.Bg2 O-O 5.Nc3 d6 6.Nf3 a6 7.O-O Nc6 8.Qd3 Bd7
9.Be3 Rb8 10.d5 Na5 11.Ba7 Ra8 12.Bd4 e5 13.dxe6 fxe6 14.e4 Nc6 15.e5 Ng4
16.exd6 Nxd4 17.dxc7 Qf6 18.Nxd4 Qxd4 19.Qxd4 Bxd4 20.Rad1 e5 21.Ne2 Nxf2
22.Rxd4 Nh3+ 23.Bxh3 Rxf1+ 24.Bxf1 exd4 25.Bg2 d3 26.Nc3 Bc6 27.Bh3 d2 28.Kf2
{#r} 1-0

[Event "It (open)"]
[Site "masterchessopen.com Plzen (Czech Republic)"]
[Date "2010.12.10"]
[Round "8"]
[White "Janocko Petr (CZE)"]
[Black "Richardson Keith B (ENG)"]
[Result "0-1"]
[WhiteElo "2087"]
[BlackElo "2135"]

1.d4 Nf6 2.c4 g6 3.g3 Bg7 4.Nc3 O-O 5.Bg2 d6 6.Nf3 Nc6 7.O-O a6 8.b3 Rb8 9.Bb2
b5 10.Ng5 Bd7 11.c5 dxc5 12.dxc5 e5 13.Qc2 Qe7 14.Nd1 Nd4 15.Bxd4 exd4 16.Nb2
Rfd8 17.Nh3 Bf5 18.Nd3 Nd5 19.Bxd5 Rxd5 20.Nhf4 Rdd8 21.a4 Bh6 22.Qc1 g5
23.Nb4 gxf4 24.Nc6 Qf6 25.Nxb8 fxg3 26.f4 gxh2+ 27.Kh1 Be4+ 28.Rf3 d3 29.Kxh2
Bxf3 30.Qg1+ Kh8 {#R} 0-1

[Event "Ch Central American (juniors) (under 18)"]
[Site "masterchessopen.com Medellin (Colombia)"]
[Date "2010.12.12"]
[Round "6"]
[White "Torres Juan Camilo (COL)"]
[Black "Suarez Walter Camilo (COL)"]
[Result "1-0"]
[WhiteElo "2185"]
[BlackElo "1963"]

1.d4 Nf6 2.Nf3 g6 3.c4 Bg7 4.Nc3 O-O 5.g3 d6 6.Bg2 Nc6 7.O-O a6 8.h3 Na5 9.b3
c5 10.Re1 Nd7 11.e4 Rb8 12.Bb2 b5 13.cxb5 axb5 14.dxc5 dxc5 15.e5 c4 16.Nd5 e6
17.Nf6+ Kh8 18.Ng5 Qc7 19.Ngxh7 c3 20.Qd4 Nxf6 21.Nxf6 Bh6 22.Qh4 Kg7 23.Bc1
{#r} 1-0

[Event "Ch Arab Clubs (team)"]
[Site "masterchessopen.com Aden (Yemen)"]
[Date "2010.12.14"]
[Round "4"]
[White "Hamandi Mohamed Nawfel Karim"]
[Black "Madi Emad (LBA)"]
[Result "1-0"]
[WhiteElo "2258"]
[BlackElo "2112"]

1.d4 d6 2.c4 Nf6 3.Nc3 g6 4.Nf3 Bg7 5.g3 O-O 6.Bg2 Nc6 7.O-O a6 8.e4 Rb8 9.a4
Na5 10.b3 c5 11.Rb1 Bd7 12.dxc5 dxc5 13.Bf4 Rc8 14.Qc1 Nh5 15.Bh6 f5 16.Bxg7
Kxg7 17.Rd1 Nc6 18.exf5 Qe8 19.fxg6 Bg4 20.Qe3 Qxg6 21.Ne5 Nxe5 22.Qxe5+ Qf6
23.Re1 {#r} 1-0

[Event "Memorial Amitan (cat.8)"]
[Site "masterchessopen.com Donetsk (Ukraine)"]
[Date "2010.12.24"]
[Round "6"]
[White "Bogdanovich Stanislav (UKR)"]
[Black "Kutsyj Alexander (UKR)"]
[Result "1-0"]
[WhiteElo "2464"]
[BlackElo "2302"]

1.d4 Nf6 2.Nf3 g6 3.g3 Bg7 4.Bg2 O-O 5.c4 d6 6.Nc3 Nc6 7.O-O a6 8.b3 Rb8 9.Bb2
b5 10.cxb5 axb5 11.Rc1 b4 12.Na4 Na7 13.d5 Bd7 14.e4 c6 15.Re1 Qa5 16.dxc6
Nxc6 17.e5 dxe5 18.Nxe5 Nxe5 19.Bxe5 Bg4 20.Qd4 Rfd8 21.Qf4 g5 22.Qxg5 Rb5
23.Bc6 h6 24.Qe3 Nd5 25.Qe4 {#r} 1-0

[Event "It (open)"]
[Site "masterchessopen.com Chennai (India)"]
[Date "2011.01.24"]
[Round "9"]
[White "Neelotpal Das (IND)"]
[Black "Tiwari Arjun (IND)"]
[Result "0-1"]
[WhiteElo "2458"]
[BlackElo "2324"]

1.d4 Nf6 2.c4 g6 3.g3 Bg7 4.Bg2 O-O 5.Nc3 d6 6.Nf3 Nc6 7.O-O a6 8.Qd3 e5
9.dxe5 dxe5 10.Qxd8 Rxd8 11.Bg5 Re8 12.Nd2 Nd4 13.Rac1 Ne6 14.Bxf6 Bxf6 15.c5
{#R} 0-1

[Event "Ch Romania"]
[Site "masterchessopen.com Sarata Monteoru (Romania)"]
[Date "2011.02.12"]
[Round "1"]
[White "Doncea Vladimir (ROM)"]
[Black "Pavel Se"]
[Result "1-0"]
[WhiteElo "2384"]
[BlackElo "1897"]

1.d4 Nf6 2.c4 g6 3.g3 Bg7 4.Nf3 d6 5.Bg2 O-O 6.Nc3 a6 7.O-O Nc6 8.h3 Bd7 9.e4
e5 10.Be3 exd4 11.Nxd4 Re8 12.Rc1 Nxd4 13.Bxd4 b5 14.c5 dxc5 15.Bxf6 Bxf6
16.e5 Rb8 17.exf6 Re6 18.Ne4 c4 19.Qd2 Bc6 20.Qxd8+ Rxd8 21.Rcd1 Rde8 22.f3
{#r} 1-0

[Event "Ch City (1/2 final)"]
[Site "masterchessopen.com St. Petersburg (Russia)"]
[Date "2011.02.17"]
[Round "7"]
[White "Svetlov Dmitry (RUS)"]
[Black "Rozum Ivan (RUS)"]
[Result "0-1"]
[WhiteElo "2426"]
[BlackElo "2481"]

1.d4 Nf6 2.Nf3 g6 3.c4 Bg7 4.g3 O-O 5.Bg2 d6 6.O-O Nc6 7.Nc3 a6 8.b3 Rb8 9.Nd5
Ne4 10.Bb2 f5 11.e3 Bd7 12.Nd2 Ng5 13.f4 Nf7 14.Nc3 e5 15.fxe5 dxe5 16.d5 Nb4
17.Ba3 a5 18.e4 f4 19.Qe2 fxg3 20.hxg3 Qg5 21.Kh2 Nh6 22.Rxf8+ Rxf8 23.Bf3
Ng4+ {#R} 0-1

[Event "Ch Poland"]
[Site "masterchessopen.com Warsaw (Poland)"]
[Date "2011.02.18"]
[Round "7"]
[White "Swiercz Dariusz (POL)"]
[Black "Markowski Tomasz (POL)"]
[Result "1-0"]
[WhiteElo "2585"]
[BlackElo "2607"]

1.d4 Nf6 2.Nf3 g6 3.c4 Bg7 4.g3 O-O 5.Bg2 d6 6.O-O Nc6 7.Nc3 a6 8.b3 Bd7 9.Bb2
Rb8 10.Nd5 b5 11.Nxf6+ Bxf6 12.cxb5 axb5 13.Qd2 e6 14.Rfc1 Ne7 15.Ne1 Rb6
16.Nd3 Bc6 17.e4 Bg7 18.Rc2 Qa8 19.Re1 Rc8 20.h4 Bb7 21.h5 Rc6 22.Rxc6 Bxc6
23.h6 Bf8 24.d5 Bd7 25.Bh3 f5 26.dxe6 Bxe6 27.Qc3 {#r} 1-0

[Event "It (open) (blitz)"]
[Site "masterchessopen.com Nancy (France)"]
[Date "2011.03.12"]
[Round "0"]
[White "Bacrot Etienne (FRA)"]
[Black "Aguettaz Maxime (FRA)"]
[Result "1-0"]
[WhiteElo "2705"]
[BlackElo "2426"]

1.d4 Nf6 2.Nf3 g6 3.g3 Bg7 4.Bg2 O-O 5.c4 d6 6.O-O Nc6 7.Nc3 a6 8.b3 Rb8 9.Bb2
b5 10.cxb5 axb5 11.d5 Na7 12.Nd4 b4 13.Na4 Bd7 14.Rc1 e5 15.dxe6 fxe6 16.e4 e5
17.Nc2 Bxa4 18.bxa4 c5 19.Ne3 Nc6 20.f4 Nd4 21.Bxd4 exd4 22.Qb3+ Kh8 23.Nc4
Ng4 24.Kh1 Re8 25.h3 Nf6 26.e5 Nh5 27.Nxd6 Rf8 28.Kh2 Qc7 29.Qd5 {#r} 1-0

[Event "It (cat.5)"]
[Site "masterchessopen.com Moscow (Russia)"]
[Date "2011.03.13"]
[Round "9"]
[White "Zhadanov Nikolay (RUS)"]
[Black "Manakova Maria (SRB)"]
[Result "1-0"]
[WhiteElo "2323"]
[BlackElo "2314"]

1.d4 Nf6 2.c4 g6 3.Nc3 Bg7 4.Nf3 O-O 5.g3 d6 6.Bg2 Nc6 7.O-O a6 8.b3 Rb8 9.Bb2
b5 10.cxb5 axb5 11.Rc1 b4 12.Na4 Na5 13.d5 e5 14.dxe6 fxe6 15.Qc2 c5 16.Rfd1
Qe7 17.Rxd6 Nd5 18.Bxg7 Kxg7 19.Qb2+ Kh6 20.Rxd5 exd5 21.Rxc5 Nb7 22.Rxd5 Qf6
23.Qd2+ Kg7 24.Qxb4 Qa1+ 25.Ne1 Qxa2 26.Rb5 {#r} 1-0

[Event "Czech League 2010/11 (2nd) (a)"]
[Site "masterchessopen.com Czech Republic"]
[Date "2011.03.27"]
[Round "10"]
[White "Klecker Tadeas (CZE)"]
[Black "Boukal Petr (CZE)"]
[Result "1-0"]
[WhiteElo "2191"]
[BlackElo "2207"]

1.d4 Nf6 2.c4 g6 3.Nf3 Bg7 4.g3 O-O 5.Bg2 d6 6.O-O Nc6 7.Nc3 a6 8.h3 Rb8 9.e4
b5 10.e5 Ne8 11.cxb5 axb5 12.Bf4 Na5 13.Qe2 c6 14.b4 Nb7 15.d5 cxd5 16.Nxd5 h6
17.Rad1 {#r} 1-0

[Event "Czech League 2010/11 (2nd) (c)"]
[Site "masterchessopen.com Czech Republic"]
[Date "2011.03.27"]
[Round "10"]
[White "Marsalek Zdenek (CZE)"]
[Black "Purnoch Josef (CZE)"]
[Result "1-0"]
[WhiteElo "2257"]
[BlackElo "2164"]

1.d4 Nf6 2.c4 g6 3.Nc3 Bg7 4.Nf3 O-O 5.g3 d6 6.Bg2 Nc6 7.O-O a6 8.h3 Bd7 9.Re1
Re8 10.e4 e5 11.Be3 exd4 12.Nxd4 Ne5 13.b3 c5 14.Nde2 Bc6 15.Qc2 Qc7 16.Rad1
b5 17.f4 Ned7 18.Bf2 b4 19.Nd5 Bxd5 20.cxd5 Ra7 21.Nc1 a5 22.Nd3 Nb6 23.e5
dxe5 24.Nxe5 Nbd7 25.d6 Qb6 26.Nc6 Rxe1+ 27.Rxe1 Ra6 28.Qc4 Bf8 29.Ne7+ Kg7
30.Nc8 Qb8 {#r} 1-0

[Event "Ch Europe"]
[Site "masterchessopen.com Aix les Bains (France)"]
[Date "2011.04.02"]
[Round "11"]
[White "Stefansson Hannes (ISL)"]
[Black "Zude Erik Dr (GER)"]
[Result "1-0"]
[WhiteElo "2562"]
[BlackElo "2400"]

1.d4 Nf6 2.c4 g6 3.Nf3 Bg7 4.g3 O-O 5.Bg2 d6 6.O-O Nc6 7.Nc3 a6 8.Qd3 d5
9.cxd5 Nxd5 10.Rd1 Nb6 11.d5 Na5 12.Qc2 Bd7 13.Bf4 Nac4 14.Rac1 Rc8 15.Nd4 Qe8
16.b3 Nd6 17.e4 h6 18.h4 Bg4 19.f3 e5 20.dxe6 Bxe6 21.Qd2 Kh7 22.Nce2 Qe7
23.Nxe6 Qxe6 24.Kh2 Rcd8 25.Qb4 Rfe8 26.Rxc7 Nb5 27.Rxd8 Rxd8 28.Re7 Qc6
29.Rxf7 Kg8 30.Rxg7+ {#r} 1-0

[Event "Ch Croatia (team) (3rd league)"]
[Site "masterchessopen.com Zagreb (Croatia)"]
[Date "2011.04.03"]
[Round "4"]
[White "Vidakovic Darko (CRO)"]
[Black "Markovic Vjeran (CRO)"]
[Result "1-0"]
[WhiteElo "2132"]
[BlackElo "2187"]

1.d4 g6 2.Nf3 Bg7 3.g3 d6 4.Bg2 Nf6 5.O-O O-O 6.c4 Nc6 7.Nc3 a6 8.h3 Rb8 9.a4
e5 10.d5 Nb4 11.e4 Nd7 12.Be3 f5 13.Ng5 Nf6 14.c5 f4 15.gxf4 exf4 16.Bxf4 Ng4
17.Bc1 Ne5 18.cxd6 cxd6 19.Ne6 Qh4 20.Bg5 Qh5 21.Qxh5 gxh5 22.Nxg7 Kxg7 23.Be7
Rf6 24.Bxf6+ Kxf6 25.f4 Ng6 26.Rae1 Nd3 27.e5+ Kf7 28.e6+ Ke8 {#r} 1-0

[Event "It (open)"]
[Site "masterchessopen.com Cotxeres de Sants (Spain)"]
[Date "2011.04.19"]
[Round "4"]
[White "Gonzalez Rodriguez Jorge A (COL)"]
[Black "Perpinya Rofes Lluis Maria (ESP)"]
[Result "1-0"]
[WhiteElo "2436"]
[BlackElo "2391"]

1.c4 g6 2.Nc3 Bg7 3.g3 d6 4.Bg2 Nf6 5.d4 O-O 6.Nf3 Nc6 7.O-O a6 8.b3 Rb8 9.Bb2
b5 10.cxb5 axb5 11.d5 Na7 12.Nd4 b4 13.Na4 e5 14.Nc2 Bd7 15.Qd2 c5 16.dxc6
Bxc6 17.Nxb4 Qa5 18.a3 Bxg2 19.Kxg2 Nb5 20.Rac1 Qa8+ 21.f3 Ng4 22.Kh3 Kh8
23.f4 Qb7 24.Kxg4 Qg2 25.Qd5 e4 26.Rg1 Qxh2 27.Rh1 Qxe2+ 28.Kh3 {#r} 1-0

[Event "Ch Catalunia (juniors) (under 18)"]
[Site "masterchessopen.com Vilaseca (Spain)"]
[Date "2011.04.22"]
[Round "4"]
[White "Boldu Soto Roger (ESP)"]
[Black "Panella Navarro Sergi (ESP)"]
[Result "1-0"]
[WhiteElo "2037"]
[BlackElo "2125"]

1.d4 Nf6 2.c4 g6 3.Nf3 Bg7 4.g3 O-O 5.Bg2 d6 6.Nc3 a6 7.O-O Nc6 8.e4 Rb8 9.Qe2
b5 10.e5 Ne8 11.Rd1 Na5 12.c5 Bb7 13.Bf4 e6 14.Ne4 Bxe4 15.Qxe4 d5 16.Qe3 Nc6
17.h4 Ne7 18.g4 c6 19.Bh3 Nc7 20.Kg2 Kh8 21.h5 Ng8 22.h6 Bxh6 23.Bxh6 Nxh6
24.Qxh6 f5 25.Rh1 {#r} 1-0

[Event "Ch Italy (team)"]
[Site "masterchessopen.com Spoleto (Italy)"]
[Date "2011.04.28"]
[Round "1"]
[White "Brunello Sabino (ITA)"]
[Black "Di Paolo Raffaele (ITA)"]
[Result "1-0"]
[WhiteElo "2569"]
[BlackElo "2281"]

1.d4 Nf6 2.c4 g6 3.g3 Bg7 4.Bg2 O-O 5.Nc3 d6 6.Nf3 Nc6 7.O-O a6 8.Qd3 Bf5 9.e4
Bg4 10.Ne1 e5 11.d5 Nb4 12.Qb1 a5 13.a3 Na6 14.b4 c6 15.Nd3 cxd5 16.cxd5 axb4
17.axb4 Nc7 18.b5 Bd7 19.Rxa8 Nxa8 20.Qb4 Qc7 21.Na4 Rc8 22.Ba3 Qc4 23.Qxc4
Rxc4 24.Nab2 Rd4 25.Bxd6 Nxe4 26.Bxe4 Rxe4 27.Nc5 Bxb5 28.Ra1 {#r} 1-0